Un forum mondial pour une théologie actuelle (notice n° 2069484)
[ vue normale ]
| 000 -LEADER | |
|---|---|
| fixed length control field | 01475cam a2200169 4500500 |
| 005 - DATE AND TIME OF LATEST TRANSACTION | |
| control field | 20260405003631.0 |
| 041 ## - LANGUAGE CODE | |
| Language code of text/sound track or separate title | fre |
| 042 ## - AUTHENTICATION CODE | |
| Authentication code | dc |
| 100 10 - MAIN ENTRY--PERSONAL NAME | |
| Personal name | Susin, Luiz Carlos |
| Relator term | author |
| 245 00 - TITLE STATEMENT | |
| Title | Un forum mondial pour une théologie actuelle |
| 260 ## - PUBLICATION, DISTRIBUTION, ETC. | |
| Date of publication, distribution, etc. | 2005.<br/> |
| 500 ## - GENERAL NOTE | |
| General note | 59 |
| 520 ## - SUMMARY, ETC. | |
| Summary, etc. | new circumstances and new cultures have always called for a new theology. At the start of the 21st century, given the effects of a scientific and technological revolution, the feminist and the environmental revolutions, the complexity of global relations and an unprecedented pluralism, Christian theology must be public in nature, engage in networks and confront pluralism, seeking ever more deeply its evangelical essence, in an even more critical and analytical fashion with respect to the history of Christianity. Above all, it must try to respond to the signs of the times with the resources of the faith and of Christian revelation. in this age of the World Social Forum, the slogan of which is “a different world is possible”, the creation of a parallel World Forum for Theology and Liberation can be a useful test of the relevance of theology to our times, and can identify creative directions for the work that needs to be done in the near future. |
| 700 10 - ADDED ENTRY--PERSONAL NAME | |
| Personal name | Tihon, Paul |
| Relator term | author |
| 786 0# - DATA SOURCE ENTRY | |
| Note | Lumen Vitae | Volume LX | 1 | 2005-01-01 | p. 53-65 | 0024-7324 |
| 856 41 - ELECTRONIC LOCATION AND ACCESS | |
| Uniform Resource Identifier | <a href="https://shs.cairn.info/revue-lumen-vitae-2005-1-page-53?lang=fr&redirect-ssocas=7080">https://shs.cairn.info/revue-lumen-vitae-2005-1-page-53?lang=fr&redirect-ssocas=7080</a> |
Pas d'exemplaire disponible.




Réseaux sociaux